[Event "Katowice GM"]
[Site "Katowice"]
[Date "2019.04.08"]
[Round "3"]
[White "Kazakov, Mikhail"]
[Black "Vovk, Yuri"]
[Result "1/2-1/2"]
[WhiteElo "2486"]
[BlackElo "2579"]
[PlyCount "160"]
[EventDate "2019.04.08"]
[EventType "tourn"]
[EventRounds "9"]
[EventCountry "POL"]
[EventCategory "8"]
[SourceTitle "CBM 189 Extra"]
[Source "ChessBase"]
[SourceDate "2019.06.03"]
[SourceVersion "1"]
[SourceVersionDate "2019.06.03"]
[SourceQuality "1"]

1. d4 Nf6 2. c4 e6 3. Nc3 Bb4 4. e3 0-0 5. Bd3 d5 6. Nf3 c5 7. 0-0 dxc4 8. Bxc4 Nbd7 9. a3 Ba5 10. Bd2 cxd4 11. exd4 a6 12. Ba2 Re8 13. Rc1 Nf8 14. Bg5 h6 15. Bh4 Ng6 16. Bg3 Bxc3 17. Rxc3 Ne4 18. Rc1 Nxg3 19. hxg3 Bd7 20. Bb1 Nf8 21. Ne5 Re7 22. Qb3 Be8 23. Rfd1 Rc8 24. Rxc8 Qxc8 25. d5 exd5 26. Qxd5 Qc7 27. f4 Nd7 28. Nf3 Nf6 29. Qd6 Qxd6 30. Rxd6 Rc7 31. Rd1 Kf8 32. Ne5 Ba4 33. Re1 Bb3 34. Kf2 Nd5 35. Nd3 Nb6 36. Rc1 Rxc1 37. Nxc1 Bd5 38. Ne2 Ke7 39. Nc3 Bc6 40. Bd3 Kd6 41. b4 Nd7 42. Ne4+ Kc7 43. Ke3 f5 44. Nd2 g6 45. Nf3 Kd6 46. Nh4 Nf8 47. Bc4 Ke7 48. Kd4 Kf6 49. Bd5 g5 50. fxg5+ hxg5 51. Nf3 Ne6+ 52. Bxe6 Kxe6 53. Nxg5+ Kd6 54. Nf3 b6 55. Ne1 Bd5 56. Nc2 Bxg2 57. Ne3 Bh3 58. a4 Kc6 59. Kc4 b5+ 60. axb5+ axb5+ 61. Kd3 Kd7 62. Kc3 Ke6 63. Kd4 Kd6 64. Nd1 Bg2 65. Ne3 Bh3 66. Nd5 Bg2 67. Nf4 Bc6 68. Ng6 Be8 69. Ne5 Bh5 70. Nd3 Be8 71. Nc5 Bc6 72. Nb3 Bd5 73. Nd2 Bc6 74. Nf1 Bd5 75. Ne3 Be6 76. Ng2 Bc8 77. Nh4 Bd7 78. Ng6 Be8 79. Ne5 Bh5 80. Nd3 Be8 1/2-1/2

[Event "Katowice GM"]
[Site "Katowice"]
[Date "2019.04.08"]
[Round "2"]
[White "Vovk, Yuri"]
[Black "Klekowski, Maciej"]
[Result "1-0"]
[WhiteElo "2579"]
[BlackElo "2506"]
[PlyCount "107"]
[EventDate "2019.04.08"]
[EventType "tourn"]
[EventRounds "9"]
[EventCountry "POL"]
[EventCategory "8"]
[SourceTitle "CBM 189 Extra"]
[Source "ChessBase"]
[SourceDate "2019.06.03"]
[SourceVersion "1"]
[SourceVersionDate "2019.06.03"]
[SourceQuality "1"]

1. e4 c5 2. Nf3 Nc6 3. Nc3 e5 4. Bc4 Be7 5. d3 d6 6. 0-0 Nf6 7. Ng5 0-0 8. f4 exf4 9. Bxf4 h6 10. Nf3 Be6 11. Nd5 Bxd5 12. Bxd5 Nxd5 13. exd5 Ne5 14. c4 Ng6 15. Bg3 Bf6 16. Rb1 Re8 17. b4 cxb4 18. Rxb4 Qd7 19. Qa4 Qc7 20. d4 Ne7 21. Re1 Red8 22. h3 b6 23. Rbb1 Rac8 24. Rbc1 Qd7 25. Qb3 Nf5 26. Bf2 Re8 27. Rxe8+ Rxe8 28. a4 h5 29. Qb5 Qxb5 30. axb5 Re4 31. c5 bxc5 32. dxc5 dxc5 33. Bxc5 Nd4 34. Bxd4 Bxd4+ 35. Kf1 Bf6 36. d6 g5 37. Rc5 g4 38. Nd2 Rd4 39. Nc4 Kg7 40. Ke2 Kg6 41. Ke3 gxh3 42. gxh3 h4 43. Rc7 Rd5 44. d7 Kf5 45. Ke2 Ke6 46. Rc6+ Ke7 47. Ne3 Rxd7 48. Nf5+ Kf8 49. Rxf6 Rd5 50. Kf3 Rxb5 51. Kg4 Rb6 52. Rxb6 axb6 53. Nd6 Kg7 54. Kg5 1-0

[Event "SVK-chT1E 1819"]
[Site "Slovakia"]
[Date "2019.02.23"]
[Round "8.1"]
[White "Vovk, Yuri"]
[Black "Plat, Vojtech"]
[Result "1/2-1/2"]
[WhiteElo "2565"]
[BlackElo "2533"]
[PlyCount "132"]
[EventDate "2018.10.27"]
[EventType "team-tourn"]
[EventRounds "11"]
[EventCountry "SVK"]
[SourceTitle "CBM 189 Extra"]
[Source "ChessBase"]
[SourceDate "2019.06.03"]
[SourceVersion "1"]
[SourceVersionDate "2019.06.03"]
[SourceQuality "1"]
[WhiteTeam "Kosice Slavia UPJS"]
[BlackTeam "Dunajov Inbest II"]
[WhiteTeamCountry "SVK"]
[BlackTeamCountry "SVK"]

1. e4 d6 2. d4 Nf6 3. Nc3 e5 4. Nf3 Nbd7 5. Bc4 Be7 6. a4 0-0 7. a5 c6 8. 0-0 h6 9. Re1 exd4 10. Nxd4 Ne5 11. Bf1 Re8 12. f3 Bf8 13. Be3 d5 14. exd5 Nxd5 15. Nxd5 Qxd5 16. Bf2 Bd7 17. Nb3 Be6 18. Qxd5 Bxd5 19. Nc5 Re7 20. f4 Ng4 21. Bd4 Rxe1 22. Rxe1 Bxc5 23. Bxc5 Nf6 24. Re7 b6 25. Bd4 Kf8 26. Re3 c5 27. Be5 Ne8 28. f5 Rd8 29. Bb5 f6 30. Bf4 Bf7 31. Rd3 Rxd3 32. Bxd3 Ke7 33. Bb8 c4 34. Be2 bxa5 35. Bxa7 Nd6 36. g4 Ne4 37. c3 Kd6 38. Bb6 a4 39. Ba5 h5 40. gxh5 Ke5 41. Bb4 Kxf5 42. Bf8 Kg5 43. Bf3 f5 44. Be2 Kh6 45. Be7 Bd5 46. Bd1 f4 47. h4 Bf7 48. Bxa4 Bxh5 49. Bc6 Bf3 50. Bd5 Nd2 51. Bf7 g6 52. Bg5+ Kg7 53. Be6 Bc6 54. Kh2 Nf3+ 55. Kh3 Ne5 56. Bxf4 Kf6 57. Bc8 Nd3 58. Bg5+ Ke5 59. Be3 Ke4 60. Bd4 Kf4 61. Be6 Nxb2 62. Bg7 Be4 63. Bh6+ Ke5 64. Bg8 Bf5+ 65. Kg3 Ke4 66. Bc1 Nd1 1/2-1/2